Políticas y legislación sobre la contaminación marina en Chile
保存先:
| 第一著者: | |
|---|---|
| フォーマット: | 図書 |
| 言語: | スペイン語 |
| 出版事項: |
Valparaíso
Universidad Católica de Valparaíso
1979
|
| 主題: | |
| タグ: |
タグ追加
タグなし, このレコードへの初めてのタグを付けませんか!
|
MARC
| LEADER | 00000nam a2200000 a 4500 | ||
|---|---|---|---|
| 001 | UCW3613 | ||
| 003 | CL-VaPUC | ||
| 008 | 881125e19790000CL |||||||||||||||||spa|d | ||
| 082 | 0 | 4 | |a 344.0463 |b VAL |2 21 |
| 100 | 0 | |a Valenzuela Fuenzalida, Rafael |e author |9 307922 | |
| 245 | 1 | 0 | |a Políticas y legislación sobre la contaminación marina en Chile |
| 300 | |a 67 p | ||
| 942 | |c BK | ||
| 945 | |d 19881125 00:00:00 | ||
| 260 | |a Valparaíso |b Universidad Católica de Valparaíso |c 1979 | ||
| 500 | |a Documento presentado a la Reunión Internacional de Trabajo sobre Contaminación Marina en el Pácifico Sudeste, efectuada en Santiago de Chile, del 6 al 10 de noviembre de 1978 | ||
| 650 | 7 | |a CONTAMINACION MARINA |2 CL-VaPUC |9 307923 | |
| 650 | 0 | |a Derecho y legislación |9 255077 | |
| 651 | 7 | |a CHILE |2 CL-VaPUC |9 307924 | |
| 583 | |a last modification |c 19881125 00:00:00 |k Rodrigo Vera | ||
| 999 | |c 217558 |d 217556 | ||
| 952 | |0 0 |1 0 |4 0 |6 344_046300000000000_VAL_1979 |7 0 |8 A |9 205438 |a BIBEDU |b BIBEDU |d 2019-11-15 |i 2733560 |o 344.0463 VAL 1979 |p 2733560 |r 2019-11-15 |w 2019-11-15 |y BK |k EDU | ||
| 952 | |0 0 |1 0 |4 0 |6 344_046300000000000_VAL_1979 |7 0 |8 A |9 205439 |a BIBEDU |b BIBEDU |d 2019-11-15 |i 2733579 |o 344.0463 VAL 1979 |p 2733579 |r 2019-11-15 |w 2019-11-15 |y BK |k EDU | ||